|
|
|
|
| LEADER |
00000nab a2200000 a 4500 |
| 001 |
vtls000869268 |
| 003 |
SK-MaSNL |
| 005 |
20260304053603.0 |
| 008 |
160330c xo 0 slo |
| 015 |
|
|
|a SNBRB2004/04-11696
|
| 035 |
|
|
|a CLN000220820
|
| 040 |
|
|
|a SNKBUCL
|b slo
|c SNKBUCL
|e AACR2
|
| 041 |
0 |
|
|a slo
|
| 044 |
|
|
|a xo
|c SK
|
| 080 |
|
|
|a 323.17(498)(=511.141)
|2 1997
|
| 080 |
|
|
|a 328.1(498):323.15
|2 1997
|
| 100 |
1 |
|
|a Morvay, Peter,
|d 1968-2020
|4 aut
|9 197202
|
| 245 |
1 |
0 |
|a Rumunsko odmietlo návrh maďarskej autonómie
|c Peter Morvay
|
| 650 |
0 |
7 |
|a Maďari
|z Rumunsko
|x autonómia
|2 snkbucl
|9 1337958
|
| 651 |
|
7 |
|a Rumunsko
|2 snkbucl
|9 17409
|
| 655 |
|
7 |
|a články z novín a časopisov
|2 snkbucl
|9 267496
|
| 773 |
0 |
|
|x 1335-440X
|t [Príl.] Zahraničie
|g S. 9
|
| 773 |
0 |
|
|x 1335-440X
|t Sme
|g Roč. 12, č. 77 (1.4.2004)
|
| 850 |
|
|
|a Slovenská národná knižnica v Martine
|
| 852 |
|
|
|a SNK
|b KIS3GCP
|
| 958 |
|
|
|a HU
|
| 958 |
|
|
|a RO
|
| 958 |
|
|
|a RBX
|
| 999 |
|
|
|c 2714130
|d 2716060
|